| 000 | 01026nam a2200265 a 4500 | ||
|---|---|---|---|
| 001 | 644832 | ||
| 003 | OSt | ||
| 005 | 20230629142934.0 | ||
| 008 | 930831s1993 nyu i000 0 eng | ||
| 010 | _a 93199238 | ||
| 020 | _a9211044138 | ||
| 040 |
_aDLC _cDLC |
||
| 082 | 0 | 0 |
_a346.048 _bUNI |
| 245 | 0 | 0 |
_aIntellectual property rights and foreign direct investment / _cTransnational Corporations and Management Division, Department of Economic and Social Development. |
| 260 |
_aNew York : _bUnited Nations, _c1993. |
||
| 300 |
_avii, 108 p. ; _c28 cm. |
||
| 500 | _a"ST/CTC/SER.A/24." | ||
| 500 | _a"United Nations publication sales no. 93.II.A.10"--T.p. verso. | ||
| 650 | 0 | _aIntellectual property (International law) | |
| 650 | 0 |
_aInvestments, Foreign _xLaw and legislation. |
|
| 710 | 2 |
_aUnited Nations. _bTransnational Corporations and Management Division. |
|
| 906 |
_a7 _bcbc _corignew _d2 _encip _f19 _gy-gencatlg |
||
| 942 |
_2ddc _cBK |
||
| 999 |
_c3111 _d3111 |
||